000 00961nab a2200205 i 4500
001 768714001
003 CO-MdFUSB
005 20240430104955.0
008 240430t2006 sp ||||| |||| 00| 0 spa d
040 _bspa
_cCO-MdFUSB
_dCO-MdFUSB
041 _aspa
100 _aLabidi-Maïza, Mehrézia,
_eautor
245 1 _aHeredera de mi padre :
_brecorrido de una musulmana feminista
_c/ Mehrézia Labidi-Maïza
520 _aExperiencia de vida de una mujer musulmana, que explica su decisión de vivir la fe islámica pero que a la vez reclama su posición feminista, reclama su herencia religiosa islámica pero elige la ciudadanía francesa.
650 0 _aFeministas
_91011
650 7 _aReligiones
_9386
650 7 _aIslamismo
_xCostumbres y prácticas
_96904
773 0 _049450
_960404
_oR0342
_tRevista internacional de teología Concilium
_w(CO-MdFUSB)8
_x0210-1041
_gNúmero 316, (junio, 2006), páginas: 91 - 100, 427 - 436
_qpágina: 91, 427
942 _cANA
999 _c69439
_d69439